जीत आपकी (Record no. 47901)
[ view plain ]
| 000 -LEADER | |
|---|---|
| fixed length control field | 00423nam a22001577a 4500 |
| 008 - FIXED-LENGTH DATA ELEMENTS--GENERAL INFORMATION | |
| fixed length control field | 230627b |||||||| |||| 00| 0 eng d |
| 040 ## - CATALOGING SOURCE | |
| Original cataloging agency | National Science Library |
| Transcribing agency | National Science Library |
| 080 ## - UNIVERSAL DECIMAL CLASSIFICATION NUMBER | |
| Universal Decimal Classification number | 316.752 |
| Item number | P2 |
| 100 ## - MAIN ENTRY--PERSONAL NAME | |
| Personal name | Khera, Shiv |
| 245 ## - TITLE STATEMENT | |
| Title | जीत आपकी |
| 246 ## - VARYING FORM OF TITLE | |
| Title proper/short title | Jeet aapki |
| 260 ## - PUBLICATION, DISTRIBUTION, ETC. | |
| Place of publication, distribution, etc. | New Delhi: |
| Name of publisher, distributor, etc. | Full Circle, |
| Date of publication, distribution, etc. | 2000 |
| 300 ## - PHYSICAL DESCRIPTION | |
| Extent | 347p. |
| 650 ## - SUBJECT ADDED ENTRY--TOPICAL TERM | |
| Topical term or geographic name entry element | Literature |
| 942 ## - ADDED ENTRY ELEMENTS (KOHA) | |
| Source of classification or shelving scheme | Universal Decimal Classification |
| Koha item type | Hindi Books |
| Withdrawn status | Lost status | Source of classification or shelving scheme | Damaged status | Not for loan | Home library | Current library | Shelving location | Date acquired | Total Checkouts | Full call number | Barcode | Date last seen | Price effective from | Koha item type |
|---|---|---|---|---|---|---|---|---|---|---|---|---|---|---|
| Universal Decimal Classification | National Science Library | National Science Library | GF/Rk-1/C-12/R-4 | 27/06/2023 | 316.752 P2 | 181098 | 27/06/2023 | 27/06/2023 | Hindi Books | |||||
| Universal Decimal Classification | National Science Library | National Science Library | GF/Rk-1/C-12/R-4 | 27/06/2023 | 316.752 P2;2 | 181110 | 27/06/2023 | 27/06/2023 | Hindi Books |